Normal view
MARC view
- ELECTRIC WIRING EXAMINATION QUESTIONS ETC ELECTRIC APPARATUS AND APPLIANCES ELECTRICIANS LICENSES UNITED STATES
Entry Topical Term
001 - CONTROL NUMBER
- control field: 66412
003 - CONTROL NUMBER IDENTIFIER
- control field: NUST
005 - DATE AND TIME OF LATEST TRANSACTION
- control field: 20210628203604.0
008 - FIXED-LENGTH DATA ELEMENTS
- fixed length control field: 210628|| aca||aabn | a|a d
040 ## - CATALOGING SOURCE
- Original cataloging agency: NUST
- Transcribing agency: NUST
150 ## - HEADING--TOPICAL TERM
- Topical term or geographic name entry element: ELECTRIC WIRING EXAMINATION QUESTIONS ETC ELECTRIC APPARATUS AND APPLIANCES ELECTRICIANS LICENSES UNITED STATES
670 ## - SOURCE DATA FOUND
- Source citation: Work cat.: (NUST): Master electrician's workbook, 1989
